<?xml version="1.0" encoding="UTF-8"?>
<marc:record xmlns:marc="http://www.loc.gov/MARC21/slim">
   <marc:leader>00000nam a2200000 a 4500</marc:leader>
   <marc:datafield ind1="1" ind2=" " tag="100">
      <marc:subfield code="a">Riesmeier, Simone</marc:subfield>
      <marc:subfield code="4">aut</marc:subfield>
      <marc:subfield code="e">Verfasser/-in</marc:subfield>
   </marc:datafield>
   <marc:datafield ind1=" " ind2=" " tag="653">
      <marc:subfield code="a">Quantenheilung</marc:subfield>
   </marc:datafield>
   <marc:datafield ind1=" " ind2=" " tag="653">
      <marc:subfield code="a">Selbstheilung</marc:subfield>
   </marc:datafield>
   <marc:datafield ind1=" " ind2=" " tag="653">
      <marc:subfield code="a">Selbsthilfe</marc:subfield>
   </marc:datafield>
   <marc:datafield ind1=" " ind2=" " tag="653">
      <marc:subfield code="a">Energetik</marc:subfield>
   </marc:datafield>
   <marc:datafield ind1=" " ind2=" " tag="653">
      <marc:subfield code="a">2 Punkt Methode</marc:subfield>
   </marc:datafield>
   <marc:datafield ind1=" " ind2=" " tag="653">
      <marc:subfield code="a">Softcover / Sachbücher/Spiritualität</marc:subfield>
   </marc:datafield>
   <marc:datafield ind1="0" ind2="0" tag="245">
      <marc:subfield code="a">Jenseits des Verstandes</marc:subfield>
   </marc:datafield>
   <marc:datafield ind1="0" ind2="0" tag="245">
      <marc:subfield code="b">Gestalte deine neue Wirklichkeit</marc:subfield>
   </marc:datafield>
   <marc:datafield ind1="0" ind2="0" tag="245">
      <marc:subfield code="c">Simone Riesmeier</marc:subfield>
   </marc:datafield>
   <marc:datafield ind1=" " ind2="1" tag="264">
      <marc:subfield code="a">Norderstedt</marc:subfield>
      <marc:subfield code="b">BoD – Books on Demand</marc:subfield>
      <marc:subfield code="c">2019</marc:subfield>
   </marc:datafield>
   <marc:datafield ind1=" " ind2=" " tag="250">
      <marc:subfield code="a">2. Auflage</marc:subfield>
   </marc:datafield>
   <marc:datafield ind1="1" ind2=" " tag="520">
      <marc:subfield code="a">Angaben aus der Verlagsmeldung

Jenseits des Verstandes : Gestalte deine neue Wirklichkeit / von Simone Riesmeier

Aktivieren Sie Ihre eigene Schöpferkraft und genießen Sie beruflich wie privat ein glücklicheres und erfolgreicheres Leben!

Suchen Sie auch nach einem einfachen Weg, um endlich das zu erreichen, was Sie wirklich wollen? Haben Sie schon vieles versucht und sind dennoch nicht zum Ziel gekommen? Dann liegt das vermutlich daran, dass Ihre bisherigen Versuche noch nicht die erforderliche Tiefe hatten, um eine nachhaltige Veränderung zu bewirken.

Die Quantenheilung wirkt direkt auf Quantenebene, im energetischen Feld des Körpers. Sie transformiert Informationen, Gedanken, Gefühle und Verhaltensweisen, die uns nicht mehr länger förderlich sind - wodurch sich unser persönliches Quantenfeld sofort verändert. Das Ergebnis:
Wir können unsere Wirklichkeit nach unseren Vorstellungen
wandeln und neu gestalten!

Simone Riesmeier beschreibt in ihrem Buch, wie Sie auf einfache Weise das Leben erreichen können, nach dem Sie schon so lange suchen.
</marc:subfield>
   </marc:datafield>
   <marc:datafield ind1=" " ind2=" " tag="020">
      <marc:subfield code="a">9783734768675</marc:subfield>
      <marc:subfield code="9">9783734768675</marc:subfield>
   </marc:datafield>
   <marc:datafield ind1=" " ind2=" " tag="020">
      <marc:subfield code="a">3734768675</marc:subfield>
      <marc:subfield code="9">3734768675</marc:subfield>
   </marc:datafield>
   <marc:datafield ind1=" " ind2=" " tag="041">
      <marc:subfield code="a">ger</marc:subfield>
   </marc:datafield>
   <marc:datafield ind1=" " ind2=" " tag="300">
      <marc:subfield code="a">124 Seiten</marc:subfield>
   </marc:datafield>
</marc:record>
